| 000 | 01101nmm a2200313 a 4500 | ||
|---|---|---|---|
| 001 | ocm0002015686 | ||
| 003 | TR-IsHL | ||
| 005 | 20201028180339.0 | ||
| 008 | 181208s2013 tu tur | ||
| 007 | cr cn | ||
| 020 | _a9786055675714 | ||
| 035 |
_a2015686 _b(N$T) |
||
| 050 | 0 | 4 |
_aBQ5660 _b.B7319 2013 |
| 090 | 0 | 4 |
_aBQ5660 _b.B7319 2013 |
| 100 | 1 | _aBrahm, Ajahn | |
| 245 | 1 | 0 |
_aKalbinin kapılarını aç: aydınlanma üzerine Budist hikayeler _h[electronic resource] / _cAjahn Brahm ; çevirmen Güneş Öztürk ; editör Fulya Özkan |
| 250 | _a1. Baskı | ||
| 260 |
_aİstanbul : _bMaya Kitap, _c2013 |
||
| 300 | _a254 p. | ||
| 500 | _aOrijinal Adı: Opening the Door of Your Heart | ||
| 650 | 4 | _aFelsefe, Psikoloji ve Din | |
| 650 | 4 | _aPhilosophy, Psychology and Religion | |
| 650 | 0 |
_aBudizm _x Hikayeler |
|
| 650 | 0 |
_aBuddhism _x Stories |
|
| 650 | 7 |
_aRELIGION / Buddhism / Rituals & Practice _2bisacsh |
|
| 700 | 1 | _aÖztürk, Güneş | |
| 700 | 1 | _aÖzkan, Fulya | |
| 856 | 4 | 0 | _uhttp://search.ebscohost.com/login.aspx?direct=true&scope=site&db=e011xww&AN=2015686 |
| 999 |
_c19098 _d19098 |
||